| 000 | 006780000a22002410004500 | ||
|---|---|---|---|
| 111 | _aNational Seminar on Mathematics Education in Nepal; Problems and Prospects, , Kathmandu, June 2000 | ||
| 500 | _aBibliography: p. 102 | ||
| 650 | _aMathematics | ||
| 650 | _aSeminars | ||
| 650 | _aReports | ||
| 650 | _aProceedings | ||
| 650 | _aMathematics education | ||
| 015 | _aNNB | ||
| 082 |
_a510 _bN213w _cN |
||
| 518 | _a20021115 | ||
| 530 | _aM | ||
| 245 | _aWorld mathematical year 2000; proceedings of the activities in Nepal | ||
| 260 |
_aKathmandu _bWMY 2000 National Commission for UNESCO |
||
| 260 | _c2000 | ||
| 041 | _aEng | ||
| 300 | _a107p. | ||
| 942 | _cGEN | ||
| 999 |
_c28271 _d28271 |
||